00966nam a2200277 i 4500001000300000100002300003245011100026260003600137300003400173500003900207504001400246650005200260650001400312650003100326710002700357020001500384040000800399041000700407080003200414920001800446942000700464008004100471999001700512856009800529952006100627bg1 aLEWANDOWSKI, Jerzy10aZarządzanie bezpieczeństwem pracy w przedsiębiorstwie /cJerzy Lewandowski ; Politechnika Łódzka. aŁódź :bWydaw. PŁ,c2000. a218 s. :bil., err. ;c24 cm. aNa grzb. kolejna poz. wydaw.: 963. aBibliogr. 9aBezpieczeństwo i higiena pracyxzarządzanie 9aErgonomia 9aZarządzanie jakością 0aPolitechnika Łódzka a8387198838 cBPK0 apl a658.56.012:331.45:331.101.1 a83-87198-83-8 cKS s pl f |000 0 pol  c39408d39408 uhttp://koha.tu.koszalin.pl/cgi-bin/koha/opac-detail.pl?biblionumber=39408yKatalog online BPK 00104070aBPKbBPKcwo58731p01556414s2018-01-04yKS